| 000 | 00578nam a2200217Ia 4500 | ||
|---|---|---|---|
| 005 | 20251020182552.0 | ||
| 008 | 200515s9999 xx 000 0 und d | ||
| 082 | _aR/351.91/I59/1993 | ||
| 110 | _aInstituto Nacional de Administración Pública | ||
| 245 | 0 | _aManual Normativo de Clasificación de Cargos de la Administración Pública | |
| 250 | _a6a ed. | ||
| 260 | _aLima | ||
| 260 | _cs.a. | ||
| 300 | _a337 | ||
| 650 | _aADMINISTRACION PUBLICA | ||
| 650 | _aCLASIFICACION DE CARGOS | ||
| 650 | _aLIB | ||
| 650 | _aMANUALES | ||
| 650 | _aPUB INAP | ||
| 942 | _cLIB | ||
| 999 |
_c2747 _d2747 |
||